<?xml version="1.0" encoding="UTF-8"?>
<record
    xmlns:xsi="http://www.w3.org/2001/XMLSchema-instance"
    xsi:schemaLocation="http://www.loc.gov/MARC21/slim http://www.loc.gov/standards/marcxml/schema/MARC21slim.xsd"
    xmlns="http://www.loc.gov/MARC21/slim">

  <leader>01918    a2200217   4500</leader>
  <controlfield tag="001">56785</controlfield>
  <controlfield tag="005">20260407155831.0</controlfield>
  <controlfield tag="008">260407a2008    arg                 spa d</controlfield>
  <controlfield tag="003">AR-UNSa-BCEJYS</controlfield>
  <datafield tag="040" ind1=" " ind2=" ">
    <subfield code="a">AR-UNSa-BCEJYS</subfield>
    <subfield code="b">spa</subfield>
    <subfield code="c">AR-UNSa-BCEJYS</subfield>
  </datafield>
  <datafield tag="080" ind1=" " ind2=" ">
    <subfield code="a">330</subfield>
    <subfield code="x">Econom&#xED;a en general</subfield>
  </datafield>
  <datafield tag="245" ind1="1" ind2="0">
    <subfield code="a">15&#xBA; Jornadas de Epistemolog&#xED;a de las Ciencias Econ&#xF3;micas</subfield>
  </datafield>
  <datafield tag="020" ind1=" " ind2=" ">
    <subfield code="a">978-950-29-1181-6</subfield>
  </datafield>
  <datafield tag="264" ind1=" " ind2="1">
    <subfield code="a">Buenos Aires :</subfield>
    <subfield code="b">CIECE (Centro de Investigaci&#xF3;n en Epistemolog&#xED;a de las Ciencias Econ&#xF3;micas)</subfield>
    <subfield code="c">2008</subfield>
  </datafield>
  <datafield tag="300" ind1=" " ind2=" ">
    <subfield code="a">249 p.</subfield>
    <subfield code="c">20 cm.</subfield>
  </datafield>
  <datafield tag="505" ind1=" " ind2=" ">
    <subfield code="a">1. El lugar  de la econom&#xED;a en el conjunto de las ciencias, por Alicea Gianella &#x2013; 2. &#xBF;Es la econom&#xED;a ecol&#xF3;gica un nuevo paradigma en las ciencias econ&#xF3;micas? Una respuesta negativa &#x2013; 3.La metodolog&#xED;a de Friedman y una consecuencia importante para la escuela austriaca de la econom&#xED;a &#x2013; 4. Algunas dificultades del razonamiento econ&#xF3;mico. La resoluci&#xF3;n Plat&#xF3;nica de las leyes de la falacia del bien com&#xFA;n &#x2013; 5.Operationalizing Sen&#x2019;s capability  approach by some aristotelian principles &#x2013; 6.Mas all&#xE1; de la falacia de Adam: la debacle de las dicotom&#xED;as &#x2013; 7.Una &#xE9;tica de m&#xED;nimos para la empresa &#x2013; 8.Etica, econom&#xED;a y cambio clim&#xE1;tico: &#xBF;puede el an&#xE1;lisis  econ&#xF3;mico ayudar a resolver dilemas &#xE9;ticos? &#x2013; 9.El teorema de Arrow y los conjuntos de las operaciones &#x2013; 10.Condiciones de posibilidades para la equivalencia entre mecanismos de agregaci&#xF3;n de argumentos de entornos sociales &#x2013; 11.La utilidad como  &#xED;ndice de estado final  o de cambio en relaciones a un punto  de referencia  - 12.Apuntes  para la microeconom&#xED;a de capitalismo &#x2013; 13. &#xBF;Cu&#xE1;l es la importancia de una teor&#xED;a normativa de la decisi&#xF3;n racional? &#x2013; 14.La controversia entre Fisher y Neyman.</subfield>
  </datafield>
  <datafield tag="942" ind1=" " ind2=" ">
    <subfield code="c">BK</subfield>
  </datafield>
  <datafield tag="590" ind1=" " ind2=" ">
    <subfield code="a">niveau_biblio:m niveau_hierar:0</subfield>
  </datafield>
  <datafield tag="100" ind1="1" ind2=" ">
    <subfield code="a">Jornadas de Epistemolog&#xED;a de las Ciencias Econ&#xF3;micas</subfield>
  </datafield>
  <datafield tag="700" ind1="1" ind2=" ">
    <subfield code="a">Weisman, Diego</subfield>
  </datafield>
  <datafield tag="999" ind1=" " ind2=" ">
    <subfield code="c">6049</subfield>
    <subfield code="d">6049</subfield>
  </datafield>
  <datafield tag="952" ind1=" " ind2=" ">
    <subfield code="0">0</subfield>
    <subfield code="1">0</subfield>
    <subfield code="4">0</subfield>
    <subfield code="7">0</subfield>
    <subfield code="a">BCEJYS</subfield>
    <subfield code="b">BCEJYS</subfield>
    <subfield code="c">16</subfield>
    <subfield code="d">2026-04-07</subfield>
    <subfield code="l">0</subfield>
    <subfield code="o">330 W426</subfield>
    <subfield code="p">L117763</subfield>
    <subfield code="r">2026-04-07 15:58:31</subfield>
    <subfield code="w">2026-04-07</subfield>
    <subfield code="y">L</subfield>
  </datafield>
</record>
